Vplyv reklamy na nákupné správanie spotrebiteľov diplomová práca

Uložené v:
Podrobná bibliografia
Hlavný autor: Halaj, Jozef
Korporativný autor: Obchodná fakulta EU. Katedra marketingu
Ďalší autori: Loydlová, Miroslava
Médium: Kniha
Jazyk:Slovak
Vydavateľské údaje: Bratislava 2019
Tagy: Pridať tag
Žiadne tagy, Buďte prvý, kto otaguje tento záznam!

MARC

LEADER 00000nbm a2200000 4500
001 0254098
005 20190704134231.0
041 0 |a slo 
044 |a SK 
245 1 0 |a Vplyv reklamy na nákupné správanie spotrebiteľov  |b diplomová práca  |c Jozef Halaj ; školiteľ: Miroslava Loydlová 
264 1 |a Bratislava  |c 2019 
300 |a 60 s. 
100 1 |a Halaj, Jozef 
700 1 |a Loydlová, Miroslava 
710 2 |a Obchodná fakulta EU. Katedra marketingu